Music Trivia: 1990 Songs - Statistics

General Stats
  • This quiz has been taken 75 times
  • The average score is 4 of 15
Answer Stats
Song Title Hint Artist, Band or Group Answer % Correct
Nothing Compares 2 U Sinead O'Connor
90%
Free Fallin' Tom Petty
84%
There She Goes The La's
46%
Blaze of Glory Jon Bon Jovi
43%
Birdhouse in Your Soul They Might Be Giants
31%
The Downeaster 'Alexa' Billy Joel
16%
Real Real Gone Van Morrison
13%
Devil Town & True Love Will Find You in the End Daniel Johnston
7%
Mr. Cab Driver Lenny Kravitz
7%
The King is Half-Undressed Jellyfish
6%
Real Fine Love John Hiatt
6%
Everything Flows & God Knows It's True Teenage Fanclub
6%
Yesterday Girl The Smithereens
4%
She's My Baby Traveling Wilburys
3%
Speeding Motorcycle Yo La Tengo
3%
No matching quizzes found
Score Distribution
Percent of People with Each Score
Percentile by Number Answered
Your Score History
You have not taken this quiz